<?xml version="1.0" encoding="UTF-8"?>
<marc:record xmlns:marc="http://www.loc.gov/MARC21/slim">
   <marc:leader>00000nam a2200000 a 4500</marc:leader>
   <marc:datafield ind1="0" ind2="0" tag="245">
      <marc:subfield code="a">Weißer Oleander</marc:subfield>
   </marc:datafield>
   <marc:datafield ind1="0" ind2="0" tag="245">
      <marc:subfield code="c">Darsteller: Alison Lohman, Michelle Pfeiffer, Robin Wright, Renée Zellweger, Svetlana Efremova. Regie: Peter Kosminsky</marc:subfield>
   </marc:datafield>
   <marc:datafield ind1=" " ind2="1" tag="264">
      <marc:subfield code="b">Universum Film</marc:subfield>
      <marc:subfield code="c">2003</marc:subfield>
   </marc:datafield>
   <marc:datafield ind1="1" ind2=" " tag="520">
      <marc:subfield code="a">Als die exzentrische Künstlerin Ingrid erfährt, dass ihr Lebensgefährte Barry sie verlassen will, dreht sie durch: Sie vergiftet den Geliebten mit einem tödlichen Oleander-Extrakt. Hauptleidtragende dieses Verbrechens aus Leidenschaft ist ihre Tochter Astrid, die nach der Inhaftierung der Mutter halt- und orientierungslos von einer Pflegefamilie zur nächsten weitergereicht wird. Erst unter der liebevollen Obhut der unglücklich verheirateten Claire findet Astrid die Kraft und Reife, sich aus dem Schatten der übermächtigen Mutter zu befreien, die sogar vom Gefängnis aus mit Argusaugen über ihre Tochter wacht...</marc:subfield>
   </marc:datafield>
   <marc:datafield ind1="0" ind2=" " tag="490">
      <marc:subfield code="v">0</marc:subfield>
   </marc:datafield>
   <marc:datafield ind1=" " ind2=" " tag="300">
      <marc:subfield code="a">1 DVD</marc:subfield>
   </marc:datafield>
</marc:record>
